Belajar berfikir / (Record no. 490)

000 -LEADER
fixed length control field nam a22 a 4500
003 - CONTROL NUMBER IDENTIFIER
control field AKMAL
005 - DATE AND TIME OF LATEST TRANSACTION
control field 20170504094415.0
008 - FIXED-LENGTH DATA ELEMENTS--GENERAL INFORMATION
fixed length control field 170504s2003 my 00 may d
020 ## - INTERNATIONAL STANDARD BOOK NUMBER
International Standard Book Number 9831922883 (kkt.):
Terms of availability RM26.00
039 #9 - LEVEL OF BIBLIOGRAPHIC CONTROL AND CODING DETAIL [OBSOLETE]
Level of rules in bibliographic description 200605121634
Level of effort used to assign nonsubject heading access points fatimah
Level of effort used to assign subject headings 200604271512
Level of effort used to assign classification fatimah
040 ## - CATALOGING SOURCE
Original cataloging agency AKMAL
Transcribing agency AKMAL
049 00 - LOCAL HOLDINGS (OCLC)
Holding library klpmal
082 04 - DEWEY DECIMAL CLASSIFICATION NUMBER
Classification number 153.4207 AIN
Edition number 21
090 00 - LOCALLY ASSIGNED LC-TYPE CALL NUMBER (OCLC); LOCAL CALL NUMBER (RLIN)
Classification number (OCLC) (R) ; Classification number, CALL (RLIN) (NR) 153.4207
Local cutter number (OCLC) ; Book number/undivided call number, CALL (RLIN) AIN
090 20 - LOCALLY ASSIGNED LC-TYPE CALL NUMBER (OCLC); LOCAL CALL NUMBER (RLIN)
Classification number (OCLC) (R) ; Classification number, CALL (RLIN) (NR) 153.4207
Local cutter number (OCLC) ; Book number/undivided call number, CALL (RLIN) AIN
100 0# - MAIN ENTRY--PERSONAL NAME
Personal name Ainon Muhammad,
Dates associated with a name 1950-
9 (RLIN) 343
245 10 - TITLE STATEMENT
Title Belajar berfikir /
Statement of responsibility, etc. Ainon Mohd. & Abdullah Hassan
260 ## - PUBLICATION, DISTRIBUTION, ETC.
Place of publication, distribution, etc. Pahang :
Name of publisher, distributor, etc. PTS Publications & Distributors,
Date of publication, distribution, etc. 2003
300 00 - PHYSICAL DESCRIPTION
Extent vi, 359ms. ;
Dimensions 23cm.
440 #0 - SERIES STATEMENT/ADDED ENTRY--TITLE
Title Siri komunikasi
9 (RLIN) 1114
504 ## - BIBLIOGRAPHY, ETC. NOTE
Bibliography, etc. note Bibliografi: ms. 359
650 #0 - SUBJECT ADDED ENTRY--TOPICAL TERM
Topical term or geographic name entry element Thought and thinking
General subdivision Study and teaching
9 (RLIN) 1115
650 #0 - SUBJECT ADDED ENTRY--TOPICAL TERM
Topical term or geographic name entry element Creative thinking
General subdivision Study and teaching
9 (RLIN) 1116
700 0# - ADDED ENTRY--PERSONAL NAME
Personal name Abdullah Hassan,
Dates associated with a name 1942-
9 (RLIN) 341
942 ## - ADDED ENTRY ELEMENTS (KOHA)
Source of classification or shelving scheme
Koha item type Book
Holdings
Withdrawn status Lost status Source of classification or shelving scheme Damaged status Not for loan Collection code Home library Current library Date acquired Inventory number Total Checkouts Full call number Barcode Date last seen Price effective from Koha item type
          NON-FICTION AKMAL Melaka AKMAL Melaka 04.05.2017 100427   153.4207 AIN 201701384 04.05.2017 04.05.2017 Book
          NON-FICTION AKMAL Melaka AKMAL Melaka 04.05.2017 011279   153.4207 AIN 201707833 24.02.2020 04.05.2017 Book
Pusat Sumber Maklumat Dato' Haji Sarmin Md Hussin, Akademi Kastam Diraja Malaysia, Melaka
Tel: 06-2331106 | Faks: 06-2313787